000 00467nam a2200157Ia 4500
008 151021s9999 xx 000 0 und d
020 _a9.7881313062e+012
050 _aBF713 .M48 2011
245 _a_Developmental Psychology R.C. Mishra
260 _aNew Delhi A.P.H 2011
300 _aviii,275p.
500 _aIncludes bibliography and index.
500 _aIncludes bibliography and index.
650 _a_Psychology
980 _a^d20130806 11:15:35^oanne
999 _c14336
_d14336